Narkoba dalam perspektif hukum Islam dan hukum positif : (sebuah studi perbandingan) /
Saved in:
| Main Author: | |
|---|---|
| Format: | Thesis |
| Language: | Indonesian |
| Published: |
Jakarta :
Universitas Islam Negeri (UIN) Syarif Hidayatullah,
2007
|
| Subjects: | |
| Tags: |
Add Tag
No Tags, Be the first to tag this record!
|
| LEADER | 014130000a22003130004500 | ||
|---|---|---|---|
| 008 | 110302t2007 io a f m 000 0 ind d | ||
| 040 | |a UIAM |b eng | ||
| 041 | |a ind | ||
| 043 | |a a-io-- | ||
| 050 | |a BP158.4.H592 | ||
| 100 | 1 | |a Saefulloh, Acep |9 90125 | |
| 245 | 1 | |a Narkoba dalam perspektif hukum Islam dan hukum positif : |b (sebuah studi perbandingan) / |c oleh Acep Saefulloh | |
| 260 | |a Jakarta : |b Universitas Islam Negeri (UIN) Syarif Hidayatullah, |c 2007 | ||
| 300 | |a xxvi,251 leaves : |b ill. ; |c 30 cm. | ||
| 336 | |2 rdacontent | ||
| 337 | |2 rdamedia | ||
| 338 | |2 rdacarrier | ||
| 500 | |a "Tesis diajukan untuk memenuhi syarat guna memperoleh gelar magister dalam program Studi Pengkajian Islam Konsentrasi Syari'ah" --On t.p. | ||
| 502 | |a Tesis (MA) -- Universitas Islam Negeri (UIN) Syarif Hidayatullah, 2007. | ||
| 504 | |a Includes bibliographical references (leaves 234-243). | ||
| 650 | 0 | |a Narcotic laws (Islamic law) |9 26263 | |
| 650 | 0 | |a Drugs of abuse |x Law and legislation Criminal provisions |z Indonesia |9 90126 | |
| 650 | 0 | |a Drugs | |
| 655 | |a Theses, Facsimile edition (Islamic) | ||
| 710 | 2 | |a Universitas Islam Negeri Syarif Hidayatullah Jakarta |9 38559 | |
| 900 | |a bib-hj-lfr | ||
| 942 | |2 lcc |n 0 | ||
| 999 | |c 433884 |d 465115 | ||
| 952 | |0 0 |6 TI BP 158.4 H592 S127N 2007 |7 0 |8 THESES |9 752545 |a IIUM |b IIUM |c MULTIMEDIA |g 239.20 |o ti BP 158.4 H592 S127N 2007 |p 00011172467 |r 2017-10-23 |t 1 |v 239.20 |y THESIS | ||
